First words of The Foxhole Court (AFTG) - Statistics

General Stats
  • This quiz has been taken 5 times
  • The average score is 50 of 89
Answer Stats
% Correct
a
100%
a
100%
a
100%
Josten
100%
Neil
100%
the
100%
the
100%
the
100%
the
100%
The
100%
the
100%
the
100%
the
100%
burn
80%
drag.
80%
He
80%
he
80%
he
80%
he
80%
him
80%
his
80%
his
80%
his
80%
his
80%
his
80%
let
80%
mother.
80%
smoke
80%
taking
80%
to
80%
to
80%
to
80%
without
80%
acrid
60%
and
60%
and
60%
and
60%
and
60%
cigarette
60%
didn't
60%
filter
60%
nicotine;
60%
of
60%
of
60%
of
60%
reminded
60%
that
60%
want
60%
wanted
60%
all
40%
almost
40%
ash.
40%
by
40%
clump
40%
could
40%
dislodging
40%
down
40%
fingertips,
40%
fire.
40%
If
40%
sent
40%
shudder
40%
spine.
40%
was
40%
was
40%
way
40%
went
40%
at
20%
away
20%
between
20%
bleachers
20%
comforting,
20%
enough,
20%
fell
20%
gasoline
20%
ghost
20%
inhaled
20%
It
20%
it
20%
It
20%
jolt
20%
once
20%
revolting
20%
shoes
20%
sick
20%
slowly
20%
taste
20%
whisked
20%
wind.
20%
No matching quizzes found
Score Distribution
Percent of People with Each Score
Percentile by Number Answered
Your Score History
You have not taken this quiz